Random Geography Sudden Death - Statistics

General Stats
  • This quiz has been taken 101 times
  • The average score is 2 of 9
Answers on the Grid
Answers color-coded by a green-red scale on the quiz's grid according to % correct below.
The British Colonized Kenya
The French Colonized Thailand
The Peoples Republic of China was founded before India
India has the third largest Muslim population
Texas was once a country
Canada's territories combined have a larger population than Alaska
Sweden has the most Islands out of any country
The Taj Mahal is a Mosque
Laos is Communist
China's Xinjiang autonomous region bordering Central Asia is majority muslim
Nepal has a larger percentage of Hindus than India does
The Flag of the United Kingdom has something representing England, Scotland, Wales and Northern Ireland
The Indus River accounts for 50- 70 percent of Pakistan's Water supply.
Saudi Arabia has no rivers
Western Sahara is entirely controlled by Morocco
Nigeria gained independence in 1965 or later
Russia is communist
Osama Bin laden was assassinated in Pakistan
 
Answer Stats
Answer % Correct
The British Colonized Kenya
68%
Laos is Communist
35%
Texas was once a country
33%
India has the third largest Muslim population
21%
Saudi Arabia has no rivers
18%
China's Xinjiang autonomous region bordering Central Asia is majority muslim
14%
Nepal has a larger percentage of Hindus than India does
14%
Osama Bin laden was assassinated in Pakistan
12%
Sweden has the most Islands out of any country
11%
No matching quizzes found
Score Distribution
Percent of People with Each Score
Percentile by Number Answered
Your Score History
You have not taken this quiz